[Event "Oberliga Nord N 2324"]
[Site "Germany"]
[Date "2024.03.17"]
[Round "7.8"]
[White "Mitscherling, Andreas"]
[Black "Wagner, Ralph"]
[Result "1/2-1/2"]
[WhiteElo "2136"]
[BlackElo "2122"]
[PlyCount "140"]
[EventDate "2023.10.22"]
[EventType "team-tourn"]
[EventRounds "9"]
[EventCountry "GER"]
[SourceTitle "EXT 2025"]
[Source "ChessBase"]
[SourceDate "2024.10.14"]
[SourceVersion "1"]
[SourceVersionDate "2024.10.14"]
[SourceQuality "1"]
[WhiteTeam "St Pauli"]
[BlackTeam "Schwerin"]
[WhiteTeamCountry "GER"]
[BlackTeamCountry "GER"]

1. Nf3 d5 2. d4 e6 3. c4 c5 4. cxd5 exd5 5. Nc3 Nc6 6. g3 Nf6 7. Bg2 Be7 8. 0-0 0-0 9. b3 Ne4 10. Bb2 Bf6 11. e3 Bg4 12. Ne2 Re8 13. h3 Bf5 14. Qc1 Nb4 15. g4 Bg6 16. Nf4 Rc8 17. Qd1 b5 18. a4 a6 19. axb5 axb5 20. h4 cxd4 21. Bxd4 Nc3 22. Bxf6 Qxf6 23. Qd4 Qd6 24. Qd2 Ne4 25. Qb2 Nf6 26. Bh3 Rcd8 27. Nd4 Nd3 28. Nxd3 Bxd3 29. Rfe1 h5 30. g5 Ng4 31. Bxg4 hxg4 32. Ne2 Bxe2 33. Qxe2 g3 34. Rad1 gxf2+ 35. Qxf2 Re4 36. Rd4 Rde8 37. Rf1 Qe6 38. Rxe4 dxe4 39. b4 Qg4+ 40. Kh2 Re7 41. Qf4 Qe2+ 42. Rf2 Qc4 43. Rd2 Re8 44. Rd7 g6 45. Kg3 Qe6 46. Rb7 Qd5 47. Rc7 Qb3 48. Rb7 Qd5 49. Rb8 Rxb8 50. Qxb8+ Kg7 51. Qc7 Kg8 52. Qc5 Qd1 53. Kf4 Qf3+ 54. Ke5 Qg3+ 55. Kxe4 Qxh4+ 56. Kd3 Qh3 57. Qe7 Qf1+ 58. Kc2 Qg2+ 59. Kc3 Qf1 60. Kd4 Qc4+ 61. Ke5 Qc3+ 62. Kf4 Qd2 63. Qe8+ Kg7 64. Qe5+ Kg8 65. Qxb5 Qf2+ 66. Ke4 Qg2+ 67. Kd4 Qd2+ 68. Kc5 Qxe3+ 69. Kc6 Qe8+ 70. Kb6 Qd8+ 1/2-1/2

[Event "Mecklenburg VP Verbandsliga 1920"]
[Site "Mecklenburg VP"]
[Date "2020.01.19"]
[Round "5.6"]
[White "Dettmann, Holger"]
[Black "Wagner, Ralph"]
[Result "1-0"]
[WhiteElo "2012"]
[BlackElo "2111"]
[PlyCount "57"]
[EventDate "2019.09.29"]
[EventType "team-tourn"]
[EventRounds "9"]
[EventCountry "GER"]
[SourceTitle "EXT 2023"]
[Source "ChessBase"]
[SourceDate "2022.10.05"]
[SourceVersion "1"]
[SourceVersionDate "2022.10.05"]
[SourceQuality "1"]
[WhiteTeam "Guestrow/Teterow"]
[BlackTeam "Schwerin SF II"]
[WhiteTeamCountry "GER"]
[BlackTeamCountry "GER"]

1. d4 d5 2. Nc3 Nf6 3. Bf4 a6 4. Qd2 e6 5. f3 c5 6. e3 b5 7. Bxb8 Rxb8 8. Nh3 Qc7 9. Ne2 Bb7 10. g4 Be7 11. Nf2 e5 12. 0-0-0 0-0 13. Ng3 exd4 14. exd4 Bd6 15. Nh3 Rfe8 16. Nf5 Bf8 17. Nf4 c4 18. g5 Nd7 19. h4 b4 20. h5 c3 21. Qh2 Qa5 22. Kb1 Bc8 23. Ng6 b3 24. cxb3 Nc5 25. Nge7+ Bxe7 26. Nxe7+ Kh8 27. dxc5 Qxc5 28. Nxc8 Rbxc8 29. Bd3 1-0

[Event "Mecklenburg VP VL1819"]
[Site "Mecklenburg VP"]
[Date "2019.01.20"]
[Round "5.2"]
[White "Lehmann, Ruben"]
[Black "Wagner, Ralph"]
[Result "1/2-1/2"]
[WhiteElo "1908"]
[BlackElo "2062"]
[PlyCount "82"]
[EventDate "2018.10.21"]
[EventType "team-tourn"]
[EventRounds "9"]
[EventCountry "GER"]
[SourceTitle "EXT 2022"]
[Source "ChessBase"]
[SourceDate "2021.10.06"]
[SourceVersion "1"]
[SourceVersionDate "2021.10.06"]
[SourceQuality "1"]
[WhiteTeam "Torgelow Droegeheide"]
[BlackTeam "Schwerin SF III"]
[WhiteTeamCountry "GER"]
[BlackTeamCountry "GER"]

1. d4 d5 2. c4 c6 3. Nc3 Nf6 4. e3 a6 5. Bd3 Bg4 6. Qb3 Ra7 7. f3 Bh5 8. cxd5 cxd5 9. Nge2 e6 10. e4 Nc6 11. Bg5 Be7 12. Bxf6 Bxf6 13. exd5 exd5 14. Nxd5 Bh4+ 15. Kf1 0-0 16. Ndf4 Nxd4 17. Qc4 Nxe2 18. Nxh5 Qg5 19. Bxe2 Qxh5 20. Rd1 b5 21. Qg4 Qh6 22. g3 Bf6 23. b3 Qe3 24. Qe4 Qc5 25. Qd5 Qa3 26. Bd3 g6 27. Qc6 Kg7 28. Qc2 Rd8 29. Kg2 Rad7 30. Be2 Qe7 31. Rxd7 Rxd7 32. Rd1 Rc7 33. Qd3 Rc3 34. Qd2 Qc5 35. Bd3 Bg5 36. Qe2 Bf6 37. Rd2 Rc1 38. Rd1 Bd4 39. Rxc1 Qxc1 40. Qf1 Qe3 41. a4 bxa4 1/2-1/2

[Event "Mecklenburg VP LL 1617"]
[Site "Mecklenburg VP"]
[Date "2017.01.15"]
[Round "5.3"]
[White "Valet, Richard"]
[Black "Wagner, Ralph"]
[Result "0-1"]
[WhiteElo "1872"]
[BlackElo "2063"]
[PlyCount "94"]
[EventDate "2016.10.16"]
[EventType "team-tourn"]
[EventRounds "9"]
[EventCountry "GER"]
[SourceTitle "EXT 2022"]
[Source "ChessBase"]
[SourceDate "2021.10.06"]
[SourceVersion "1"]
[SourceVersionDate "2021.10.06"]
[SourceQuality "1"]
[WhiteTeam "Greifswald II"]
[BlackTeam "Schwerin SF II"]
[WhiteTeamCountry "GER"]
[BlackTeamCountry "GER"]

1. e4 d5 2. exd5 Qxd5 3. Nc3 Qa5 4. d4 c6 5. Bc4 Bf5 6. Qe2 Nf6 7. Nf3 e6 8. Bd2 Qc7 9. 0-0 Bd6 10. h3 0-0 11. Bb3 Nbd7 12. Rfe1 a6 13. Ne5 c5 14. Nxd7 Nxd7 15. d5 e5 16. a4 Rac8 17. a5 Bg6 18. Ra4 Qd8 19. f4 exf4 20. Bxf4 Bxf4 21. Rxf4 Qxa5 22. d6 Qb6 23. Nd5 Qxd6 24. Ne7+ Kh8 25. Qf2 Rce8 26. Qh4 Ne5 27. Nf5 Bxf5 28. Rxf5 c4 29. Ba2 Ng6 30. Qf2 Rxe1+ 31. Qxe1 b5 32. c3 Qe6 33. Qf1 Qe3+ 34. Kh2 f6 35. Bb1 Ne5 36. Rh5 g6 37. Rh4 Kg7 38. Rd4 Rf7 39. Be4 Re7 40. Rd6 Qg5 41. Rxa6 Ng4+ 42. hxg4 Rxe4 43. Ra7+ Kh6 44. Ra1 Rxg4 45. Qf3 Rf4 46. Qb7 Rh4+ 47. Kg1 Qc5+ 0-1

[Event "Mecklenburg VP LL 1617"]
[Site "Mecklenburg VP"]
[Date "2016.11.20"]
[Round "3.3"]
[White "Rossmann, Andreas"]
[Black "Wagner, Ralph"]
[Result "1/2-1/2"]
[WhiteElo "1919"]
[BlackElo "2063"]
[PlyCount "28"]
[EventDate "2016.10.16"]
[EventType "team-tourn"]
[EventRounds "9"]
[EventCountry "GER"]
[SourceTitle "EXT 2022"]
[Source "ChessBase"]
[SourceDate "2021.10.06"]
[SourceVersion "1"]
[SourceVersionDate "2021.10.06"]
[SourceQuality "1"]
[WhiteTeam "Neubrandenburg SG Eintracht"]
[BlackTeam "Schwerin SF II"]
[WhiteTeamCountry "GER"]
[BlackTeamCountry "GER"]

1. Nf3 d5 2. d4 Nf6 3. c4 c6 4. cxd5 cxd5 5. Nc3 Nc6 6. Bf4 Bg4 7. e3 a6 8. Be2 e6 9. 0-0 Be7 10. h3 Bh5 11. Rc1 0-0 12. Ne5 Bxe2 13. Nxc6 Bxd1 14. Nxd8 Rfxd8 1/2-1/2

[Event "Mecklenburg VP VL 1415"]
[Site "Mecklenburg VP"]
[Date "2014.09.21"]
[Round "1.4"]
[White "Dettmann, Holger"]
[Black "Wagner, Ralph"]
[Result "1/2-1/2"]
[WhiteElo "1905"]
[BlackElo "2059"]
[PlyCount "33"]
[EventDate "2014.09.21"]
[EventType "team-tourn"]
[EventRounds "9"]
[EventCountry "GER"]
[SourceTitle "EXT 2022"]
[Source "ChessBase"]
[SourceDate "2021.10.06"]
[SourceVersion "1"]
[SourceVersionDate "2021.10.06"]
[SourceQuality "1"]
[WhiteTeam "Guestrow/Teterow"]
[BlackTeam "Schwerin SF III"]
[WhiteTeamCountry "GER"]
[BlackTeamCountry "GER"]

1. d4 d5 2. e3 Nf6 3. Bd3 c6 4. Ne2 Qc7 5. Nd2 Nbd7 6. f4 g6 7. 0-0 Bg7 8. c3 0-0 9. Ng3 Ne8 10. Nf3 Nd6 11. b3 f5 12. c4 e6 13. Ba3 Re8 14. Ne5 Nf6 15. Bxd6 Qxd6 16. c5 Qe7 17. b4 1/2-1/2

[Event "Mecklenburg VP VL 1314"]
[Site "Mecklenburg VP"]
[Date "2014.04.27"]
[Round "9.2"]
[White "Wagner, Ralph"]
[Black "Schmekel, Florian"]
[Result "1/2-1/2"]
[WhiteElo "2037"]
[BlackElo "1778"]
[PlyCount "83"]
[EventDate "2013.10.20"]
[EventType "team-tourn"]
[EventRounds "9"]
[EventCountry "GER"]
[SourceTitle "EXT 2022"]
[Source "ChessBase"]
[SourceDate "2021.10.06"]
[SourceVersion "1"]
[SourceVersionDate "2021.10.06"]
[SourceQuality "1"]
[WhiteTeam "Schwerin SF III"]
[BlackTeam "Torgelow Droegeheide"]
[WhiteTeamCountry "GER"]
[BlackTeamCountry "GER"]

1. d4 Nf6 2. c4 e6 3. Nc3 Bb4 4. Bd2 c5 5. e3 d5 6. Nf3 0-0 7. Be2 Nc6 8. 0-0 cxd4 9. Nxd4 Nxd4 10. exd4 dxc4 11. Bg5 Bxc3 12. bxc3 Qc7 13. Bxf6 gxf6 14. Qd2 Kg7 15. Rfe1 b6 16. Bf3 Bb7 17. Re3 Rg8 18. Bxb7 Qxb7 19. Rg3+ Kh8 20. Qf4 Qe7 21. Re1 Rg6 22. Rxg6 hxg6 23. d5 g5 24. Qxc4 Rd8 25. Qe4 Qc5 26. dxe6 fxe6 27. Qxe6 Qxc3 28. Qe7 Rc8 29. g3 Rc7 30. Qf8+ Kh7 31. Re6 Qf3 32. Re1 Qc3 33. Qe8 Kg7 34. h3 Qa3 35. Re2 Qc5 36. Kh2 Qd6 37. Re4 Qc5 38. Re3 Qf5 39. Re2 Qd7 40. Qe4 Qf7 41. h4 Rc4 42. Qe8 1/2-1/2

[Event "Mecklenburg VP VL 1314"]
[Site "Mecklenburg VP"]
[Date "2013.10.27"]
[Round "1.6"]
[White "Wagner, Ralph"]
[Black "Popp, Michael"]
[Result "1-0"]
[WhiteElo "2037"]
[BlackElo "1721"]
[PlyCount "61"]
[EventDate "2013.10.20"]
[EventType "team-tourn"]
[EventRounds "9"]
[EventCountry "GER"]
[SourceTitle "EXT 2022"]
[Source "ChessBase"]
[SourceDate "2021.10.06"]
[SourceVersion "1"]
[SourceVersionDate "2021.10.06"]
[SourceQuality "1"]
[WhiteTeam "Schwerin SF II"]
[BlackTeam "Schwerin SF III"]
[WhiteTeamCountry "GER"]
[BlackTeamCountry "GER"]

1. c4 Nf6 2. Nc3 e6 3. g3 d5 4. Bg2 Be7 5. b3 0-0 6. Bb2 c5 7. Nh3 Nc6 8. cxd5 exd5 9. Nf4 Be6 10. 0-0 Rc8 11. Nxe6 fxe6 12. Bh3 Qd7 13. Rc1 b6 14. e3 Nb4 15. d3 Rce8 16. a3 Na6 17. Qe2 Bd6 18. d4 Nc7 19. dxc5 Bxc5 20. b4 Bd6 21. e4 dxe4 22. Nxe4 Nxe4 23. Qxe4 Qe7 24. Rc6 Kh8 25. Bxg7+ Kxg7 26. Qd4+ e5 27. Qxd6 Qxd6 28. Rxd6 Nb5 29. Rd7+ Rf7 30. Rxf7+ Kxf7 31. Bd7 1-0

[Event "Mecklenburg VP VL 1213"]
[Site "Mecklenburg VP"]
[Date "2013.04.14"]
[Round "8.3"]
[White "Pruesse, Horst"]
[Black "Wagner, Ralph"]
[Result "1-0"]
[WhiteElo "1947"]
[BlackElo "2059"]
[PlyCount "39"]
[EventDate "2012.10.14"]
[EventType "team-tourn"]
[EventRounds "9"]
[EventCountry "GER"]
[SourceTitle "EXT 2022"]
[Source "ChessBase"]
[SourceDate "2021.10.06"]
[SourceVersion "1"]
[SourceVersionDate "2021.10.06"]
[SourceQuality "1"]
[WhiteTeam "Neubrandenburg SG Eintracht"]
[BlackTeam "Schwerin SF II"]
[WhiteTeamCountry "GER"]
[BlackTeamCountry "GER"]

1. e4 e6 2. d4 d5 3. Nc3 Nf6 4. Bg5 Bb4 5. e5 h6 6. exf6 hxg5 7. fxg7 Rg8 8. h4 gxh4 9. Qg4 Qf6 10. Rxh4 Qxg7 11. Qxg7 Rxg7 12. Rh8+ Bf8 13. 0-0-0 Bd7 14. Re1 Nc6 15. Nxd5 0-0-0 16. Nf6 Nxd4 17. Rd1 Rg6 18. Rxf8 Rxf8 19. Nxd7 Rh8 20. Ne5 1-0

[Event "Mecklenburg VP VL 1213"]
[Site "Mecklenburg VP"]
[Date "2013.01.13"]
[Round "5.2"]
[White "Wagner, Ralph"]
[Black "Kross, Gunnar"]
[Result "1/2-1/2"]
[WhiteElo "2059"]
[BlackElo "1982"]
[PlyCount "39"]
[EventDate "2012.10.14"]
[EventType "team-tourn"]
[EventRounds "9"]
[EventCountry "GER"]
[SourceTitle "EXT 2022"]
[Source "ChessBase"]
[SourceDate "2021.10.06"]
[SourceVersion "1"]
[SourceVersionDate "2021.10.06"]
[SourceQuality "1"]
[WhiteTeam "Schwerin SF II"]
[BlackTeam "Grevesmuehlen Blau Weiss"]
[WhiteTeamCountry "GER"]
[BlackTeamCountry "GER"]

1. c4 Nf6 2. d4 e6 3. Nc3 d5 4. Nf3 c6 5. e3 Bb4 6. Qb3 Ba5 7. Qa3 dxc4 8. Bxc4 b5 9. b4 Bc7 10. Be2 a5 11. bxa5 Bxa5 12. Qb3 Ne4 13. Bb2 Bxc3+ 14. Bxc3 Nxc3 15. Qxc3 Qa5 16. Qxa5 Rxa5 17. 0-0 Nd7 18. Rfc1 Bb7 19. Nd2 Ke7 20. Bf3 1/2-1/2

[Event "Mecklenburg VP VL 1213"]
[Site "Mecklenburg VP"]
[Date "2012.10.14"]
[Round "1.2"]
[White "Wagner, Ralph"]
[Black "Kesten, Sebastian"]
[Result "0-1"]
[WhiteElo "2059"]
[BlackElo "2218"]
[PlyCount "127"]
[EventDate "2012.10.14"]
[EventType "team-tourn"]
[EventRounds "9"]
[EventCountry "GER"]
[SourceTitle "EXT 2022"]
[Source "ChessBase"]
[SourceDate "2021.10.06"]
[SourceVersion "1"]
[SourceVersionDate "2021.10.06"]
[SourceQuality "1"]
[WhiteTeam "Schwerin SF II"]
[BlackTeam "Schwerin SF"]
[WhiteTeamCountry "GER"]
[BlackTeamCountry "GER"]

1. d4 Nf6 2. c4 c5 3. d5 e6 4. Nc3 exd5 5. cxd5 g6 6. e4 d6 7. h3 Bg7 8. Nf3 0-0 9. Be2 Re8 10. Nd2 Na6 11. 0-0 Nc7 12. Qc2 Rb8 13. a4 a6 14. a5 Bd7 15. Bd3 Nb5 16. Re1 Nxc3 17. bxc3 Nxd5 18. Bb2 Nf4 19. Bf1 d5 20. exd5 Rxe1 21. Rxe1 Bf5 22. Qa4 Nxd5 23. Bc4 b5 24. axb6 Nxb6 25. Qc6 Nxc4 26. Nxc4 Qc8 27. Qxc8+ Rxc8 28. Re3 Be6 29. Na5 c4 30. Ba3 Bd5 31. Bb4 Bf6 32. Be7 Kg7 33. g4 g5 34. Kf1 Rb8 35. Bxf6+ Kxf6 36. Re1 Rb5 37. Ra1 Ke5 38. Ke2 Kf4 39. Ra4 Rb2+ 40. Ke1 Kf3 41. Nxc4 Re2+ 42. Kd1 Kxf2 43. Nd2 Re3 44. Ra5 Rd3 45. c4 Be4 46. Re5 Bg6 47. c5 Rxh3 48. Ne4+ Bxe4 49. Rxe4 Rc3 50. Re5 f6 51. Kd2 fxe5 52. Kxc3 e4 53. c6 e3 54. c7 e2 55. c8Q e1Q+ 56. Kb2 Qe5+ 57. Ka2 Kg3 58. Qf5 Qe2+ 59. Ka1 Qxg4 60. Qxh7 Qa4+ 61. Kb1 Qb5+ 62. Ka2 Qc4+ 63. Kb1 g4 64. Qd7 0-1

[Event "Oberliga Nord N 0910"]
[Site "Germany"]
[Date "2010.03.21"]
[Round "8.6"]
[White "Gaede, Derek"]
[Black "Wagner, Ralph"]
[Result "0-1"]
[WhiteElo "2228"]
[BlackElo "2153"]
[PlyCount "70"]
[EventDate "2009.10.18"]
[EventType "team-tourn"]
[EventRounds "9"]
[EventCountry "GER"]
[SourceTitle "EXT 2011"]
[Source "ChessBase"]
[SourceDate "2010.11.26"]
[SourceVersion "1"]
[SourceVersionDate "2010.11.26"]
[SourceQuality "1"]
[WhiteTeam "Hamburger SK"]
[BlackTeam "Schwerin"]
[WhiteTeamCountry "GER"]
[BlackTeamCountry "GER"]

1. d4 Nf6 2. c4 c5 3. d5 b5 4. Nf3 g6 5. g3 Bg7 6. Bg2 d6 7. 0-0 0-0 8. Re1 Bg4 9. Nfd2 bxc4 10. Nc3 Qc8 11. Nxc4 Na6 12. Bf4 Rb8 13. Qd2 Bh3 14. e4 Bxg2 15. Kxg2 Rb4 16. Na5 Nb8 17. a3 Rb6 18. e5 dxe5 19. Bxe5 Rd8 20. Rad1 Nbd7 21. Nc4 Ra6 22. Qe2 Qb7 23. Kg1 Nxe5 24. Nxe5 Bf8 25. Qc4 Rad6 26. Nc6 R8d7 27. Qxc5 Nxd5 28. Nxd5 Rxc6 29. Qe3 Rcd6 30. Nc3 Qxb2 31. Rxd6 Rxd6 32. Qc1 Qxc1 33. Rxc1 Rc6 34. Kf1 e6 35. a4 Ba3 0-1

[Event "Oberliga Nord N 0910"]
[Site "Germany"]
[Date "2010.01.24"]
[Round "5.6"]
[White "Westphal, Wolfgang"]
[Black "Wagner, Ralph"]
[Result "1-0"]
[WhiteElo "2220"]
[BlackElo "2153"]
[PlyCount "67"]
[EventDate "2009.10.18"]
[EventType "team-tourn"]
[EventRounds "9"]
[EventCountry "GER"]
[SourceTitle "EXT 2011"]
[Source "ChessBase"]
[SourceDate "2010.11.26"]
[SourceVersion "1"]
[SourceVersionDate "2010.11.26"]
[SourceQuality "1"]
[WhiteTeam "Neukloster"]
[BlackTeam "Schwerin"]
[WhiteTeamCountry "GER"]
[BlackTeamCountry "GER"]

1. e4 e5 2. Nf3 d6 3. d4 exd4 4. Nxd4 Nf6 5. Nc3 Be7 6. Be2 0-0 7. 0-0 Re8 8. Re1 Nbd7 9. f4 Bf8 10. Bf3 c6 11. Kh1 Qc7 12. Be3 Nc5 13. Bf2 a5 14. Bg3 Qb6 15. Rb1 Be6 16. a3 Bc4 17. Nf5 Be6 18. Nd4 Bc4 19. b3 Ba6 20. Nf5 d5 21. e5 Nfe4 22. Bxe4 Nxe4 23. Nxe4 dxe4 24. Qg4 Re6 25. Rxe4 Qc5 26. Nd4 Rg6 27. Qf3 Rd8 28. Bf2 Rxd4 29. Rxd4 Qxc2 30. Rg1 Rh6 31. Rd8 g6 32. Qe3 Kg7 33. e6 Be7 34. Rd7 1-0

[Event "Oberliga Nord N 0910"]
[Site "Germany"]
[Date "2009.11.15"]
[Round "2.6"]
[White "Wagner, Ralph"]
[Black "Svane, Rasmus"]
[Result "1/2-1/2"]
[WhiteElo "2153"]
[BlackElo "2131"]
[PlyCount "73"]
[EventDate "2009.10.18"]
[EventType "team-tourn"]
[EventRounds "9"]
[EventCountry "GER"]
[SourceTitle "EXT 2011"]
[Source "ChessBase"]
[SourceDate "2010.11.26"]
[SourceVersion "1"]
[SourceVersionDate "2010.11.26"]
[SourceQuality "1"]
[WhiteTeam "Schwerin"]
[BlackTeam "Luebeck"]
[WhiteTeamCountry "GER"]
[BlackTeamCountry "GER"]

1. d4 Nf6 2. c4 g6 3. Nc3 Bg7 4. e4 d6 5. f3 0-0 6. Bg5 c5 7. d5 e6 8. Qd2 exd5 9. cxd5 Nbd7 10. Nge2 a6 11. a4 Qa5 12. Ra3 Re8 13. Nc1 Rb8 14. Be2 Qc7 15. 0-0 c4 16. Be3 Nc5 17. b4 cxb3 18. Nxb3 Nxb3 19. Rxb3 Nd7 20. Rfb1 Nc5 21. Rb6 f5 22. Bd4 Be5 23. Bxe5 Rxe5 24. Qd4 Bd7 25. f4 Re7 26. e5 dxe5 27. fxe5 Qxe5 28. Qxe5 Rxe5 29. Bxa6 Nxa6 30. Rxa6 Rc8 31. Rd6 Be8 32. Rb3 Re3 33. Re6 Rd3 34. Kf2 Bf7 35. Re3 Rd2+ 36. Re2 Rd3 37. Re3 1/2-1/2

[Event "Mecklenburg VP LL 0708"]
[Site "Mecklenburg VP"]
[Date "2008.01.20"]
[Round "5.2"]
[White "Kutschke, Peter"]
[Black "Wagner, Ralph"]
[Result "1/2-1/2"]
[WhiteElo "1978"]
[BlackElo "2025"]
[PlyCount "133"]
[EventDate "2007.10.21"]
[EventType "team-tourn"]
[EventRounds "9"]
[EventCountry "GER"]
[SourceTitle "EXT 2016"]
[Source "ChessBase"]
[SourceDate "2015.10.08"]
[SourceVersion "1"]
[SourceVersionDate "2015.10.08"]
[SourceQuality "1"]
[WhiteTeam "Rostock Uni"]
[BlackTeam "Schwerin SF"]
[WhiteTeamCountry "GER"]
[BlackTeamCountry "GER"]

1. e4 e6 2. Qe2 e5 3. Nf3 Nc6 4. g3 d6 5. Bg2 Bg4 6. c3 Be7 7. d3 Qd7 8. h3 Bh5 9. Nbd2 f6 10. Nf1 Bf7 11. Ne3 Be6 12. d4 Nb8 13. d5 Bf7 14. 0-0 g6 15. Nh2 Qa4 16. b3 Qa6 17. c4 Nd7 18. Bb2 Qb6 19. Kh1 a5 20. Bc3 h5 21. Rfb1 Nh6 22. Qd2 Qa7 23. a3 Kf8 24. b4 a4 25. f4 Kg7 26. Rf1 Raf8 27. Rf2 Be8 28. Raf1 h4 29. g4 exf4 30. Rxf4 Ne5 31. Bd4 Qa8 32. c5 Bb5 33. Rg1 Nhf7 34. Bf1 Qa6 35. Qc3 Bxf1 36. Rgxf1 Ng5 37. Kg2 Rf7 38. Bxe5 dxe5 39. Nf3 exf4 40. Nxg5 fxe3 41. Nxf7 e2 42. Rf2 Qd3 43. Qxd3 e1N+ 44. Kf1 Nxd3 45. Nxh8 Nxf2 46. Kxf2 Kxh8 47. Ke3 b5 48. d6 cxd6 49. c6 Bd8 50. Kd4 Kg7 51. Kd5 Bc7 52. Ke6 f5 53. exf5 gxf5 54. gxf5 d5 55. f6+ Kf8 56. Kxd5 Kf7 57. Kc5 Kxf6 58. Kxb5 Ke5 59. Kc5 Ke6 60. b5 Ke7 61. b6 Bd6+ 62. Kb5 Bxa3 63. Kxa4 Bd6 64. Kb5 Kd8 65. Ka6 Kc8 66. Ka7 Bc5 67. Ka6 1/2-1/2

[Event "Mecklenburg VP LL 0708"]
[Site "Mecklenburg VP"]
[Date "2007.11.04"]
[Round "2.2"]
[White "Wagner, Ralph"]
[Black "Stutz, Reno"]
[Result "1-0"]
[WhiteElo "2025"]
[BlackElo "2019"]
[PlyCount "77"]
[EventDate "2007.10.21"]
[EventType "team-tourn"]
[EventRounds "9"]
[EventCountry "GER"]
[SourceTitle "EXT 2016"]
[Source "ChessBase"]
[SourceDate "2015.10.08"]
[SourceVersion "1"]
[SourceVersionDate "2015.10.08"]
[SourceQuality "1"]
[WhiteTeam "Schwerin SF"]
[BlackTeam "Wismar ASV Gruen-Weiss"]
[WhiteTeamCountry "GER"]
[BlackTeamCountry "GER"]

1. d4 Nf6 2. c4 c5 3. d5 b5 4. Nd2 bxc4 5. e4 d6 6. Bxc4 g6 7. b3 Bg7 8. Bb2 0-0 9. Ngf3 Bg4 10. Qc2 Nbd7 11. h3 Bxf3 12. Nxf3 Nb6 13. 0-0 Rb8 14. Rfe1 Nxc4 15. Qxc4 Qa5 16. Re2 Qb5 17. Qc2 Rfc8 18. Rae1 h6 19. Nd2 Nd7 20. Bxg7 Kxg7 21. Nc4 f6 22. f4 Nb6 23. Qd3 Nxc4 24. bxc4 Qb4 25. Rc1 Rf8 26. h4 Rf7 27. Qg3 Rbf8 28. Kh2 Qb8 29. Qg4 Qc8 30. f5 g5 31. Qh5 Rh8 32. Rb1 Rd8 33. Reb2 Kg8 34. Rb7 Rdf8 35. Rxa7 gxh4 36. Rbb7 h3 37. Rxe7 Rxe7 38. Rxe7 hxg2 39. Qg6+ 1-0

[Event "Oberliga Nord W 0607"]
[Site "Germany"]
[Date "2007.04.22"]
[Round "9.6"]
[White "Heinemann, Ernst"]
[Black "Wagner, Ralph"]
[Result "1/2-1/2"]
[WhiteElo "2192"]
[BlackElo "2184"]
[PlyCount "83"]
[EventDate "2006.10.15"]
[EventType "team-tourn"]
[EventRounds "9"]
[EventCountry "GER"]
[SourceTitle "EXT 2008"]
[Source "ChessBase"]
[SourceDate "2007.11.25"]
[SourceVersion "1"]
[SourceVersionDate "2007.11.25"]
[SourceQuality "1"]
[WhiteTeam "Oldenburg Union"]
[BlackTeam "Hameln"]
[WhiteTeamCountry "GER"]
[BlackTeamCountry "GER"]

1. e4 e6 2. Nf3 d5 3. Nc3 dxe4 4. Nxe4 Nf6 5. Nxf6+ gxf6 6. g3 b6 7. Bg2 Bb7 8. b3 Bg7 9. Bb2 Nd7 10. 0-0 0-0 11. Qe2 c5 12. Rad1 Qc7 13. Rfe1 Rad8 14. d3 Rfe8 15. Qe3 Nb8 16. d4 cxd4 17. Rxd4 Rxd4 18. Nxd4 Bxg2 19. Kxg2 Rd8 20. c4 Qc5 21. Nc2 Qxe3 22. Nxe3 Rd2 23. Bc3 Rd3 24. Bb2 Rd2 25. Bc1 Rxa2 26. Rd1 Bf8 27. Ng4 Be7 28. Bf4 Nc6 29. Rd7 Kf8 30. Rc7 Ne5 31. Rc8+ Kg7 32. Nxe5 fxe5 33. Bxe5+ f6 34. Rc7 Kf8 35. Bd4 e5 36. Be3 Ra3 37. h4 Rxb3 38. Rxa7 Rc3 39. Bxb6 Rxc4 40. Be3 h5 41. Bh6+ Kf7 42. Bd2 1/2-1/2

[Event "SMSN op"]
[Site "Germany"]
[Date "2007.??.??"]
[Round "5"]
[White "Grinspan, David"]
[Black "Wagner, Ralph"]
[Result "1-0"]
[WhiteElo "1660"]
[BlackElo "2115"]
[PlyCount "81"]
[EventDate "2007.??.??"]
[EventType "swiss"]
[EventRounds "5"]
[EventCountry "GER"]
[SourceTitle "EXT 2010"]
[Source "ChessBase"]
[SourceDate "2010.11.25"]
[SourceVersion "1"]
[SourceVersionDate "2010.11.25"]
[SourceQuality "1"]

1. d4 Nf6 2. Bf4 g6 3. e3 Bg7 4. Nf3 0-0 5. Nbd2 d6 6. Be2 Nbd7 7. 0-0 c5 8. c3 Qc7 9. Rc1 Rb8 10. b4 b6 11. h3 Bb7 12. a4 e5 13. Bh2 e4 14. Ne1 Rbc8 15. Nc4 Ne8 16. dxc5 bxc5 17. Nxd6 Be5 18. Bxe5 Nxe5 19. Nxc8 Bxc8 20. b5 Nf6 21. Qc2 c4 22. f4 Nd3 23. Ra1 Rd8 24. g4 Nd5 25. Ng2 Qc5 26. Qd2 Rd6 27. Kh2 Nf6 28. Qa2 h5 29. Qa3 Qc7 30. gxh5 gxh5 31. Rg1 Kh7 32. Nh4 Nf2 33. Rg3 Bxh3 34. Rxh3 Nxh3 35. Kxh3 Nd5 36. Rg1 Nxe3 37. Rg5 Rd5 38. f5 Qd8 39. Rxh5+ Kg7 40. Qc1 Nd1 41. Qh6+ 1-0